| 000 | 00571nam a2200193Ia 4500 | ||
|---|---|---|---|
| 999 |
_c31667 _d31667 |
||
| 003 | OSt | ||
| 005 | 20200728120157.0 | ||
| 008 | 190216s9999||||xx |||||||||||||| ||und|| | ||
| 020 | _a9780071167659 | ||
| 040 | _coclc | ||
| 082 |
_a510.212 _bSPI/M |
||
| 100 |
_aSpiegel, Murray R _9762 |
||
| 245 | 0 |
_aMathematical Handbook Of Formulas And Tables / _cMurray R Spiegel ; John Liu |
|
| 250 | _a2nd Ed. | ||
| 260 |
_bMcgraw -hill, _c1999. _aNew York: |
||
| 300 | _a278p | ||
| 650 | _aMathematics | ||
| 942 |
_cBK _2ddc _h510.212 _iSPI/M _k510.212 _mSPI/M |
||